Normal view MARC view
  • Aricó, José,

Entry Nombre Personal

Number of records used in: 11

001 - NUMERO DE CONTROL

  • campo de control: 28749

003 - IDENTIFICADOR DE NUMERO DE CONTROL

  • campo de control: DLC

005 - FECHA Y HORA DE LA ÜLTIMA TRANSACCIÓN

  • campo de control: 20230516104314.0

008 - DATOS DE LONGITUD FIJA

  • campo de control de longitud fija: 230516n| azannaab |a aaa

010 ## - NÚMERO DE CONTROL DE LA BIBLIOTECA DEL CONGRESO

  • Número de control LC: n 79088635

040 ## - FUENTE DE CATALOGACIÓN

  • Agencia original de catalogación: DLC
  • Agencia de transcripción: DLC
  • Agencia que lo modifica: Uk
  • Description conventions: rda
  • Agencia que lo modifica: DLC
  • Agencia que lo modifica: MX-MxUPN
  • Lenguaje de catalogación: spa

100 1# - ENCABEZAMIENTO - NOMBRE PERSONAL

  • Nombre personal: Aricó, José,
  • Fechas asociadas con el nombre: 1931-1991

400 1# - VEÁSE - NOMBRE DE PERSONA

  • Personal name: Aricó, J.
  • Fuller form of name: (José)

400 1# - VEÁSE - NOMBRE DE PERSONA

  • Personal name: Aricó, José María

670 ## - FUENTE EN LA QUE SE LOCALIZARON DATOS

  • Cita de la fuente: Mariátegui y los ... 1978 (a.e.)
  • Información localizada: portada (José Aricó)

670 ## - FUENTE EN LA QUE SE LOCALIZARON DATOS

  • Cita de la fuente: En su obra: Marx y América Latina, c1980:
  • Información localizada: portada (José Aricó) series portada (J. Aricó)

670 ## - FUENTE EN LA QUE SE LOCALIZARON DATOS

  • Cita de la fuente: En su obra: Gramsci y la teoría política, 1979:
  • Información localizada: portada (José María Aricó)

670 ## - FUENTE EN LA QUE SE LOCALIZARON DATOS

  • Cita de la fuente: La hipótesis de Justo, 1999:
  • Información localizada: portada (José Aricó) página 4 de la cubierta (1931-1991)

902 ## - CATALOGADOR

  • Catalogador: NDAF/160523